000
00202nam a22000857a 4500
008
170626b xxu||||| |||| 00| 0 eng d
100
_9
3709
_a
NCERT
245
_a
Social science on india
260
_b
NCERT
_c
2007
999
_c
7131
_d
7131